| 000 | 00512nam a22002057a 4500 | ||
|---|---|---|---|
| 001 | 21574 | ||
| 005 | 20260318105549.0 | ||
| 008 | 260318b |||||||| |||| 00| 0 spa d | ||
| 041 | _aESP | ||
| 082 |
_a627 _bL87 |
||
| 100 | _aLópez Andrés, Lázaro | ||
| 245 |
_aProblemas de hidráulica III : _badaptado al grado de ingeniería civil |
||
| 260 |
_a : _b , _c2011 |
||
| 300 |
_a204 páginas : _b ; _c24 cm. |
||
| 440 | _a ; | ||
| 650 | _aTCA | ||
| 654 | _aCII | ||
| 700 | _a; | ||
| 942 |
_cLIB _dJUS _fJUS _2ddc |
||
| 999 |
_c21574 _d21574 |
||